书目信息 |
| 题名: |
全国会计从业资格考试历年真题详解及押题密卷
|
|
| 作者: | 全国会计从业资格考试命题研究中心 编著 | |
| 分册: | 财经法规与会计职业道德 | |
| 出版信息: | 北京 人民邮电出版社 2015.1 |
|
| 页数: | 82页 | |
| 开本: | 26cm | |
| 丛书名: | ||
| 单 册: | ||
| 中图分类: | F23-44 | |
| 科图分类: | ||
| 主题词: | 财政法--中国--会计--资格考试--题解 , 经济法--中国--会计--资格考试--题解 , 会计人员--职业道德--资格考试--题解 | |
| 电子资源: | ||
| ISBN: | 978-7-115-37531-5 | |
| 000 | 01250nam0 2200253 450 | |
| 001 | 340562 | |
| 005 | 20150625164548.09 | |
| 010 | @a978-7-115-37531-5@dCNY39.80 | |
| 100 | @a20141116d2015 em y0chiy0110 ea | |
| 101 | 0 | @achi |
| 102 | @aCN@b110000 | |
| 105 | @ay z 000yy | |
| 106 | @ar | |
| 200 | 1 | @a全国会计从业资格考试历年真题详解及押题密卷@Aquan guo hui ji cong ye zi ge kao shi li nian zhen ti xiang jie ji ya ti mi juan@i财经法规与会计职业道德@f全国会计从业资格考试命题研究中心编著 |
| 210 | @a北京@c人民邮电出版社@d2015.1 | |
| 215 | @a82页@d26cm | |
| 330 | @a本书专为参加会计从业资格考试的考生编写, 包括5套历年考试真题和5套高保真模拟试卷。前半部分为5套模拟试卷, 是我们总结历年命题规律, 体现最新考情考点的基础上编写, 可以帮助广大考生巩固基础知识, 快速提高应试能力? 蟀氩糠纸岷辖?年考试真题, 将历年试题进行详细解析, 帮助考生迅速了解考试的基本要求、考试难度及命题规律。 李士振 | |
| 606 | 0 | @a财政法@y中国@x会计@x资格考试@x题解 |
| 606 | 0 | @a经济法@y中国@x会计@x资格考试@x题解 |
| 606 | 0 | @a会计人员@x职业道德@x资格考试@x题解 |
| 690 | @aF23-44@v5 | |
| 701 | 0 | @a全国会计从业资格考试命题研究中心@Aquan guo hui ji cong ye zi ge kao shi ming ti yan jiu zhong xin@4编著 |
| 801 | 0 | @aCN@b卓展宏图@c20150525 |
| 905 | @dF23-44@e500@f4 | |
| 全国会计从业资格考试历年真题详解及押题密卷.财经法规与会计职业道德/全国会计从业资格考试命题研究中心编著.-北京:人民邮电出版社,2015.1 |
| 82页;26cm |
| ISBN 978-7-115-37531-5:CNY39.80 |
| 本书专为参加会计从业资格考试的考生编写, 包括5套历年考试真题和5套高保真模拟试卷。前半部分为5套模拟试卷, 是我们总结历年命题规律, 体现最新考情考点的基础上编写, 可以帮助广大考生巩固基础知识, 快速提高应试能力? 蟀氩糠纸岷辖?年考试真题, 将历年试题进行详细解析, 帮助考生迅速了解考试的基本要求、考试难度及命题规律。 李士振 |
| ● |
| 相关链接 |
|
|
|
|
正题名:全国会计从业资格考试历年真题详解及押题密卷
索取号:F23-44/500
 
预约/预借
| 序号 | 登录号 | 条形码 | 馆藏地/架位号 | 状态 | 备注 |
| 1 | 866169 | 208661697 | 第一样本阅览室/ [索取号:F23-44/500] | 在馆 | |
| 2 | 866170 | 208661704 | 第一借阅区/ [索取号:F23-44/500] | 在馆 | |
| 3 | 866171 | 208661713 | 第一借阅区/ [索取号:F23-44/500] | 在馆 | |
| 4 | 866172 | 208661722 | 密集书库-海洋学院/ [索取号:F23-44/500] | 在馆 |